| 000 | 00618nam a22002057a 4500 | ||
|---|---|---|---|
| 003 | OSt | ||
| 005 | 20140310182204.0 | ||
| 008 | 130903t xxu||||| |||| 00| 0 eng d | ||
| 020 | _a981001953X | ||
| 050 |
_aBJ 1533.F8 _b.M38 1990 |
||
| 082 |
_aHS 302.3 _bM437 1990 |
||
| 100 |
_aMatthews, Andrew _916378 |
||
| 245 |
_aMaking friends : _ba guide to getting along with people / _cAndrew Matthews. |
||
| 260 |
_aSingapore : _bMedia Masters, _cc1990. |
||
| 300 |
_a144 p. : _bill. ; _c24 cm. |
||
| 651 |
_aFriendship _916379 |
||
| 651 |
_aInterpersonal relations. _916380 |
||
| 942 |
_2lcc _cHS |
||
| 999 |
_c10288 _d10288 |
||